000 00516nam a2200181Ia 4500
005 20250317123517.0
008 008 250317s9999 xx 000 0 eng d
037 _aTextbook
040 _aFMSL
_beng
_cFMSL
041 _aeng
_2eng
084 _aD658(B) K5
_qFMSL
100 _aLeeds H D
_9735671
245 0 _aComputers programming fundamantals
260 _aNew Delhi
_bNew Delhi, Tata McGraw-Hill
_c1965
300 _a459p
942 _cTB
_hD658(B) K5
999 _c1251567
_d1251567